00753cam a2200217 a 4500001000500000005001700005020003000022040001800052050002300070082001200093100002100105245008400126260003800210300006000248505000800308520012600316521002000442521002000462650001800482700003500500351120250828160141.0 a9780887768910 (hardcover) aDLCcDLCbeng00aPZ7.B635786b 200900a153.7521 aBogart, Jo Ellen10aBig and small, room for all /cJo Ellen Bogart ; illustrated by Gillian Newland aNew York : bScholastic , c2009  a32 unnumbered pages : bcolor illustrations ;c21 cm .  aC  aIntroduces the reader to relative sizes, from the vastness of the universe to things too small to see with the naked eye. a150 bLexile  aC bRaz-Plus  1aSizevFiction1 aNewland, Gillianeillustrator